000 01561nam a2200409 i 4500
001 11778
003 KOSZ 005
005 20221215105627.0
008 070619s1969 pl a f 000 0 pol
015 _aPB 1970/205
040 _aWA N
_cWA N
_dKOSZ 005/RW
_dKOSZ 005/HR
041 0 _apol
_beng
_brus
046 _k1969
080 _a658.1/.5
100 1 _aSkowroński, Antoni
_d(1901-1988)
_eAutor
245 1 0 _aMetody podejmowania decyzji w przedsiębiorstwie /
_cAntoni Skowroński.
260 _aSzczecin :
_bPaństwowe Wydawnictwo Naukowe :
_bna zlecenie Polskiej Akademii Nauk,
_c1969.
300 _a78, [3] stron :
_bilustracje ;
_c24 cm.
336 _2rdacontent
_aTekst
_btxt
337 _2rdamedia
_aBez urządzenia pośredniczącego
_bn
338 _2rdacarrier
_aWolumin
_bnc
380 _aKsiążki
388 _a1901-2000
388 _a1945-1989
490 1 _aSzczecińskie Towarzystwo Naukowe. Wydział Nauk Społecznych ;
_vt. 21.
504 _aBibliografia na stronach [76]-78.
546 _aStreszczenie w języku rosyjskim, angielskim.
650 4 _aDecyzje
650 4 _aPrzedsiębiorstwo
655 4 _aPodręczniki akademickie
658 _aGospodarka, ekonomia, finanse
658 _aZarządzanie i marketing
710 2 _aPaństwowe Wydawnictwo Naukowe
_4pbl.
830 0 _aSzczecińskie Towarzystwo Naukowe.
_pWydział Nauk Społecznych
_vt. 21
856 _uhttp://koha.tu.koszalin.pl/cgi-bin/koha/opac-detail.pl?biblionumber=11778
_yKatalog online BPK
942 _2UKD
_cKS
999 _c11778
_d11778